[Event "21st Czech GM Open"]
[Site "Pardubice CZE"]
[Date "2010.07.31"]
[Round "9"]
[White "Kanovsky,D"]
[Black "Ganor,D"]
[Result "1-0"]
[WhiteElo "2492"]
[BlackElo "2342"]
[EventDate "2010.07.23"]

1. e4 Nf6 2. e5 Nd5 3. d4 d6 4. Nf3 Bg4 5. Be2 c6 6. c4 Nc7 7. exd6 exd6 8.
O-O Be7 9. h3 Bh5 10. Qb3 b6 11. Nc3 O-O 12. Be3 Nd7 13. Qa4 c5 14. Rfd1
Qc8 15. Rd2 Nf6 16. dxc5 dxc5 17. Rad1 Rd8 18. Rxd8+ Bxd8 19. g4 Bg6 20.
Ne5 Ne4 21. Nxg6 Nxc3 22. bxc3 hxg6 23. Bf3 Rb8 24. Bf4 Ne6 25. Bxb8 Qxb8
26. Qe8+ Kh7 27. Bd5 Ng5 28. Bxf7 Bc7 29. Bxg6+ Kh6 30. Kg2 Qb7+ 31. Rd5
1-0

[Event "21st Czech GM Open"]
[Site "Pardubice CZE"]
[Date "2010.07.31"]
[Round "9"]
[White "Iskusnyh,S"]
[Black "Reinhart,E"]
[Result "1-0"]
[WhiteElo "2480"]
[BlackElo "2336"]
[EventDate "2010.07.23"]

1. d4 d5 2. c4 c6 3. Nf3 Nf6 4. e3 Bf5 5. Nc3 e6 6. Nh4 Bg6 7. Be2 Nbd7 8.
O-O Bd6 9. g3 Ne4 10. Nxg6 Nxc3 11. bxc3 hxg6 12. Rb1 Rb8 13. cxd5 exd5 14.
c4 dxc4 15. Bxc4 Qa5 16. e4 Nb6 17. Bb3 Rd8 18. e5 Be7 19. Qg4 Kf8 20. Qf3
f5 21. Be3 Qa6 22. Be6 Qd3 23. Rb3 Qe4 24. Qxe4 fxe4 25. a4 Rb8 26. a5 Nd5
27. Bxd5 cxd5 28. Rfb1 b6 29. Rb5 Rd8 30. axb6 axb6 31. Rxb6 Kf7 32. Rb7
Rhe8 33. R1b6 Kf8 34. Rxg6 Rb8 35. Rgb6 Rxb7 36. Rxb7 Ra8 37. h4 g6 38. Kg2
Ke8 39. Kh3 Ra6 40. Rb5 1-0

[Event "21st Czech GM Open"]
[Site "Pardubice CZE"]
[Date "2010.07.31"]
[Round "9"]
[White "Akesson,R"]
[Black "Kislik,E"]
[Result "1/2-1/2"]
[WhiteElo "2470"]
[BlackElo "2329"]
[EventDate "2010.07.23"]

1. d4 e6 2. c4 b6 3. e4 Bb7 4. Nc3 Bb4 5. f3 Ne7 6. Bd3 f5 7. Nge2 fxe4 8.
fxe4 O-O 9. Be3 e5 10. d5 d6 11. a3 Bc5 12. Qd2 Nd7 13. O-O-O a5 14. Bc2
1/2-1/2

[Event "21st Czech GM Open"]
[Site "Pardubice CZE"]
[Date "2010.07.31"]
[Round "9"]
[White "Vokac,M"]
[Black "Bakalarz,M"]
[Result "1/2-1/2"]
[WhiteElo "2458"]
[BlackElo "2324"]
[EventDate "2010.07.23"]

1. c4 e5 2. Nc3 Nf6 3. g3 c6 4. d4 exd4 5. Qxd4 d5 6. Nf3 dxc4 7. Qxc4 Be6
8. Qa4 Na6 9. Bg2 Nc5 10. Qc2 Qc8 11. O-O Bh3 12. e4 Bxg2 13. Kxg2 Qe6 14.
e5 Nd5 15. Nxd5 Qxd5 16. Rd1 Qe4 17. Qxe4 Nxe4 18. Be3 Bc5 19. Nd4 Bb6 20.
Kf3 Nc5 21. Nf5 O-O 22. Bxc5 Bxc5 23. Rd7 g6 24. Nh6+ Kg7 25. Ng4 Rfe8 26.
Kf4 Rad8 27. Rad1 Rxd7 28. Rxd7 Re7 29. Rxe7 Bxe7 30. f3 h5 31. Nf2 f5 32.
Nd3 c5 33. b3 b5 34. Ke3 g5 35. g4 c4 36. bxc4 bxc4 37. Nb2 Bc5+ 38. Ke2
hxg4 39. fxg4 fxg4 40. Nxc4 Bg1 41. Ne3 Bxh2 42. Nxg4 Bf4 43. Kd3 Kf7 44.
Kd4 Ke6 45. Ke4 Bg3 46. Kd4 Bf4 47. Ke4 Bg3 48. Kd4 1/2-1/2

[Event "21st Czech GM Open"]
[Site "Pardubice CZE"]
[Date "2010.07.31"]
[Round "9"]
[White "Nilsson,S"]
[Black "Seger,R"]
[Result "1/2-1/2"]
[WhiteElo "2342"]
[BlackElo "2429"]
[EventDate "2010.07.23"]

1. e4 c6 2. d4 d5 3. Nc3 dxe4 4. Nxe4 Bf5 5. Ng3 Bg6 6. h4 h6 7. Nf3 Nd7 8.
h5 Bh7 9. Bd3 Bxd3 10. Qxd3 Ngf6 11. Bf4 Qa5+ 12. Bd2 Qc7 13. O-O-O O-O-O
14. Ne4 e6 15. g3 Nxe4 16. Qxe4 Nf6 17. Qe2 Bd6 18. c4 c5 19. Bc3 1/2-1/2

[Event "21st Czech GM Open"]
[Site "Pardubice CZE"]
[Date "2010.07.30"]
[Round "8"]
[White "Vidit,S"]
[Black "Kravtsiv,M"]
[Result "1/2-1/2"]
[WhiteElo "2492"]
[BlackElo "2559"]
[EventDate "2010.07.23"]

1. d4 Nf6 2. c4 e6 3. g3 d5 4. Nf3 Bb4+ 5. Bd2 Be7 6. Bg2 O-O 7. O-O c6 8.
Qc2 b6 9. Rd1 Nbd7 10. Bf4 Bb7 11. Nc3 Nh5 12. Bc1 f5 13. b3 Rc8 14. e3 Re8
15. Bb2 Nhf6 16. Ne2 Bd6 17. Nf4 Qe7 18. Ne5 Ne4 19. Nfd3 Nxe5 20. dxe5 Ba3
21. f3 Bxb2 22. Qxb2 Nc5 23. Nf4 Rcd8 24. Bf1 Nd7 25. Rac1 g6 26. Qc3 Qg7
27. Nd3 dxc4 28. bxc4 c5 29. Bg2 Nf8 30. Rd2 Rd7 31. Rcd1 Red8 32. f4 Bxg2
1/2-1/2

[Event "21st Czech GM Open"]
[Site "Pardubice CZE"]
[Date "2010.07.30"]
[Round "8"]
[White "Sethuraman,S"]
[Black "Danin,A"]
[Result "1-0"]
[WhiteElo "2513"]
[BlackElo "2509"]
[EventDate "2010.07.23"]

1. Nf3 Nf6 2. d4 g6 3. c4 Bg7 4. Nc3 d5 5. Qb3 dxc4 6. Qxc4 O-O 7. e4 a6 8.
Qa4 b6 9. Be3 Bb7 10. Qc2 Nbd7 11. Rd1 e6 12. Be2 Qe7 13. O-O h6 14. Ne5
Rac8 15. Nc4 Ba8 16. a4 b5 17. axb5 axb5 18. Nd2 c5 19. Bxb5 cxd4 20. Bxd4
Nc5 21. f3 Ng4 22. Nc4 e5 23. Bf2 Nxf2 24. Qxf2 Ne6 25. Nb6 Rcd8 26. Nxa8
Rxa8 27. Nd5 Qa7 28. b4 Rfb8 29. Bc6 Qxf2+ 30. Rxf2 Ra3 31. b5 Rb3 32. b6
Bf8 33. Ba4 Ra3 34. Nf6+ Kg7 35. Nd7 Rb7 36. Bc6 Rxd7 37. Bxd7 Bc5 38. b7
Rb3 39. Bxe6 Rb2 40. Kf1 Rxf2+ 41. Ke1 Rb2 42. Rd7 Kf6 43. Bxf7 h5 44. Bd5
Be7 45. h4 1-0

[Event "21st Czech GM Open"]
[Site "Pardubice CZE"]
[Date "2010.07.30"]
[Round "8"]
[White "Hasangatin,R"]
[Black "Safarli,E"]
[Result "0-1"]
[WhiteElo "2498"]
[BlackElo "2603"]
[EventDate "2010.07.23"]

1. Nf3 Nf6 2. c4 c5 3. g3 e6 4. Bg2 Nc6 5. O-O d5 6. cxd5 Nxd5 7. d4 Be7 8.
Nc3 O-O 9. Nxd5 exd5 10. dxc5 Bxc5 11. Bg5 Qd7 12. Ne1 Re8 13. Nd3 Bb6 14.
Bd2 Qd6 15. Nf4 Bg4 16. h3 Bf5 17. Nxd5 Bxh3 18. Bxh3 Qxd5 19. e3 Ba5 20.
Bg2 0-1

[Event "21st Czech GM Open"]
[Site "Pardubice CZE"]
[Date "2010.07.30"]
[Round "8"]
[White "Rasik,V"]
[Black "Ghaem Maghami,E"]
[Result "1/2-1/2"]
[WhiteElo "2491"]
[BlackElo "2585"]
[EventDate "2010.07.23"]

1. e4 c5 2. Nf3 d6 3. d4 cxd4 4. Nxd4 Nf6 5. Nc3 a6 6. Be3 e5 7. Nb3 Be7 8.
Qd2 O-O 9. O-O-O Be6 10. f4 Ng4 11. g3 Nxe3 12. Qxe3 Nd7 13. Kb1 Qb6 14.
Qf3 exf4 15. gxf4 Bf6 16. Nd5 Bxd5 17. Rxd5 Rad8 18. Bh3 Nc5 19. e5 Be7 20.
Nxc5 dxc5 21. Bd7 f6 22. e6 f5 23. c3 Rf6 24. h4 Rdf8 25. h5 Rh6 26. Rg1 g6
27. Rd2 Kg7 28. hxg6 hxg6 29. Qe3 Rf6 30. Qe5 c4 31. Re1 Rh3 32. Be8 Rd3
33. Rg2 Qd8 34. Bd7 Rh3 35. Reg1 Rh6 36. Rd1 Qb6 37. Re2 Rh3 38. Rde1
1/2-1/2

[Event "21st Czech GM Open"]
[Site "Pardubice CZE"]
[Date "2010.07.30"]
[Round "8"]
[White "Adhiban,B"]
[Black "Chernyshov,K"]
[Result "1-0"]
[WhiteElo "2483"]
[BlackElo "2578"]
[EventDate "2010.07.23"]

1. d4 Nf6 2. c4 e6 3. Nc3 d5 4. Nf3 c6 5. Bg5 Nbd7 6. cxd5 exd5 7. e3 Be7
8. Qc2 O-O 9. Bd3 Re8 10. O-O Nf8 11. h3 Ng6 12. Ne5 Bf8 13. f4 c5 14. Nxd5
Nxe5 15. Bxh7+ Kh8 16. Nxf6 gxf6 17. fxe5 fxg5 18. Rxf7 Re6 19. d5 Rh6 20.
e6 Bg7 21. e7 Qe8 22. Bg6 Bxh3 23. Rxg7 1-0

[Event "21st Czech GM Open"]
[Site "Pardubice CZE"]
[Date "2010.07.30"]
[Round "8"]
[White "Schlosser,P"]
[Black "Lalic,B"]
[Result "1/2-1/2"]
[WhiteElo "2575"]
[BlackElo "2491"]
[EventDate "2010.07.23"]

1. Nf3 Nf6 2. c4 e6 3. g3 a6 4. b3 b5 5. Nc3 d5 6. cxd5 exd5 7. d4 Bd6 8.
Bg2 O-O 9. O-O Re8 10. Bg5 c6 11. Qc2 h6 12. Bxf6 Qxf6 13. e4 dxe4 14. Nxe4
Qd8 15. Nxd6 Qxd6 16. Qc5 Qxc5 17. dxc5 Ra7 18. b4 a5 19. a3 axb4 20. axb4
Rxa1 21. Rxa1 Na6 22. Nd4 Nxb4 23. Nxc6 Nd3 24. Na7 Nxc5 25. Nxb5 1/2-1/2

[Event "21st Czech GM Open"]
[Site "Pardubice CZE"]
[Date "2010.07.30"]
[Round "8"]
[White "Salem,AR"]
[Black "Grigoriants,S RUS"]
[Result "0-1"]
[WhiteElo "2469"]
[BlackElo "2566"]
[EventDate "2010.07.23"]

1. d4 Nf6 2. c4 e6 3. Nf3 d5 4. Nc3 c6 5. Bg5 h6 6. Bh4 dxc4 7. e4 g5 8.
Bg3 b5 9. Be2 Bb7 10. e5 Nd5 11. Nd2 Nd7 12. h4 Nxc3 13. bxc3 c5 14. hxg5
cxd4 15. g6 fxg6 16. Bh5 Rg8 17. Qg4 Qe7 18. Bxg6+ Rxg6 19. Qxg6+ Qf7 20.
Qxf7+ Kxf7 21. cxd4 Bxg2 22. Rh4 c3 23. Ne4 Bxe4 24. Rxe4 Nb6 25. Rf4+ Ke8
26. Rf6 Kd7 27. d5 Nxd5 28. O-O-O a5 29. f4 Ba3+ 30. Kc2 Rg8 31. Rd3 Kc7
32. Rf7+ Kc6 33. Rf3 Kc5 34. f5 Kc4 35. Rc7+ Nxc7 36. Rxc3+ Kd5 37. Rxa3
exf5 38. Bf4 Rg2+ 39. Kd1 Ne6 40. Bxh6 a4 0-1

[Event "21st Czech GM Open"]
[Site "Pardubice CZE"]
[Date "2010.07.30"]
[Round "8"]
[White "Gabrielian,A"]
[Black "Velicka,P"]
[Result "1-0"]
[WhiteElo "2559"]
[BlackElo "2483"]
[EventDate "2010.07.23"]

1. e4 c6 2. d4 d5 3. f3 e6 4. Nc3 Bb4 5. Bd2 dxe4 6. Nxe4 Be7 7. c3 Nf6 8.
Qc2 Nbd7 9. O-O-O Qc7 10. Nh3 c5 11. Bf4 Qa5 12. Nd6+ Bxd6 13. Bxd6 cxd4
14. Rxd4 Qxa2 15. Ra4 Qd5 16. Ba3 Nc5 17. Rc4 b6 18. b4 Ncd7 19. Nf4 Qd6
20. g4 O-O 21. Rd4 Qc7 22. g5 Nd5 23. Nxd5 exd5 24. Bd3 g6 25. f4 a5 26.
Bb2 axb4 27. cxb4 Qxc2+ 28. Kxc2 Nb8 29. Bb5 Be6 30. Kb3 Rc8 31. Rc1 Rxc1
32. Bxc1 Na6 33. Bb2 Nc7 34. Bc6 Rd8 35. b5 Ne8 36. Rd1 d4+ 37. Kb4 d3 38.
Bxe8 Rxe8 39. Rxd3 f6 40. gxf6 Rc8 41. Rd6 Rc4+ 42. Ka3 Kf7 43. Rxb6 Rxf4
44. Rb7+ Kf8 45. Be5 Rf3+ 46. Kb4 Bd5 47. Bd6+ Ke8 48. Re7+ Kd8 49. Rxh7
1-0